Analýza existenčných podmienok staršieho obyvateľstva v ČSSR kandidátska dizertačná práca

Gespeichert in:
Bibliographische Detailangaben
1. Verfasser: Lohyňová, Erika
Körperschaft: Vysoká škola ekonomická v Bratislave. Fakulta riadenia
Weitere Verfasser: Kozíková, Emília
Format: Buch
Sprache:Slowakisch
Veröffentlicht: Bratislava 1986
Tags: Tag hinzufügen
Keine Tags, Fügen Sie das erste Tag hinzu!

MARC

LEADER 00000nam a2200000 4500
001 c031821
005 20221219100359.1
041 0 |a slo 
044 |a SK 
245 1 0 |a Analýza existenčných podmienok staršieho obyvateľstva v ČSSR  |b kandidátska dizertačná práca  |c Erika Lohyňová ; Ved. práce Emília Kozíková 
264 1 |a Bratislava  |c 1986 
300 |a 148 s. 
100 1 |a Lohyňová, Erika 
700 1 |a Kozíková, Emília 
710 2 |a Vysoká škola ekonomická v Bratislave. Fakulta riadenia